| 000 | 00000nam##2200000za#4500 |
| 001 | 9.571335 |
| 003 | CaOODSP |
| 005 | 20210624182656 |
| 007 | cr ||||||||||| |
| 008 | 150406|1998||||xxc|||||o f|0| 0 eng|d |
| 040 | |aCaOODSP|beng |
| 043 | |an-cn--- |
| 086 | 1 |aTU3-5/98-44E-PDF |
| 110 | 2 |aTransportation Safety Board of Canada. |
| 245 | 10|aLoss of control, Air Satellite Inc., Britten-Norman BN2A-26 C-FCVK, Pointe-Lebel, Quebec, 07 December 1998 |h[electronic resource] |
| 260 | |aGatineau - Quebec : |bTransportation Safety Board of Canada |c[2002]. |
| 300 | |a61p.|bglossary, tables, photographs |
| 490 | 1 |aAviation investigation report |vA98Q0194 |
| 500 | |a"The Board authorized the release of this report on 13 August 2002."--p.53 of 61. |
| 590 | |a12-19-Supp|b2012-04-30 |
| 775 | 08|tPerte de contrôle, Britten-Norman BN2A-26 C-FCVK, exploité par Air Satellite inc., Pointe-Lebel (Québec), le 7 décembre 1998 |w(CaOODSP)9.601949 |
| 830 | #0|aAviation investigation report ;|vA98Q0194|w(CaOODSP)9.504825 |
| 856 | 40|ahttp://publications.gc.ca|qPDF|s293 KB|uhttps://publications.gc.ca/collections/collection_2011/bst-tsb/TU3-5-98-44-eng.pdf|yA98Q0194 |